[Event "15th EUR-ch (w)"]
[Site "Plovdiv BUL"]
[Date "2014.07.09"]
[Round "4.21"]
[White "Galoian, Lilit"]
[Black "Peptan, Corina-Isabela"]
[Result "1/2-1/2"]
[WhiteElo "2277"]
[BlackElo "2453"]
[EventDate "2014.07.06"]
[PlyCount "121"]

1.c4 e5 2.Nc3 Nc6 3.Nf3 Nf6 4.g3 Bb4 5.Bg2 O-O 6.O-O d6 7.d3 h6 8.Ne1 a5 
9.Nc2 Bc5 10.e3 Bg4 11.f3 Be6 12.f4 Bg4 13.Qd2 Qd7 14.fxe5 dxe5 15.Rxf6 
gxf6 16.Nd5 Kg7 17.d4 Be7 18.b3 Rh8 19.Bb2 h5 20.Qf2 Rh6 21.Rf1 Bd8 22.a4 
Ra6 23.Ne1 Qe8 24.Nf3 exd4 25.exd4 Ne7 26.Nxe7 Bxe7 27.Nh4 Rb6 28.h3 Bc8 
29.Qe3 Qf8 30.Kh2 Ba3 31.Ba1 Qe7 32.Qd3 Bb4 33.d5 Bc5 34.Rf3 Qe1 35.Rf1 
Qe3 36.Qxe3 Bxe3 37.Rf3 Bc5 38.Bf1 Rh8 39.Bc3 Ra6 40.Be2 Re8 41.Bd1 Bb4 
42.Bd4 Rd6 43.Ng2 Re4 44.Rf4 Rxf4 45.Nxf4 h4 46.g4 Bd2 47.Nh5+ Kg6 48.Bc2+
Kg5 49.Ng7 Rd8 50.Nh5 Rd6 51.Ng7 Bd7 52.Kg2 Kh6 53.Nf5+ Bxf5 54.Bxf5 Kg5 
55.Kf3 Rd8 56.Be4 b6 57.Bf2 Re8 58.Bc2 Rd8 59.Be4 Rd6 60.Bf5 Rd8 61.Be4 
1/2-1/2

[Event "15th EUR-ch (w)"]
[Site "Plovdiv BUL"]
[Date "2014.07.09"]
[Round "4.22"]
[White "Daulyte, Deimante"]
[Black "Dragomirescu, Angela"]
[Result "1-0"]
[WhiteElo "2405"]
[BlackElo "2251"]
[EventDate "2014.07.06"]
[PlyCount "119"]

1.e4 d6 2.Nc3 Nf6 3.f4 d5 4.e5 d4 5.Nce2 Nd5 6.Nxd4 Nxf4 7.Ngf3 e6 8.Nb3 
Be7 9.d4 Ng6 10.Bd3 Nd7 11.Qe2 c5 12.c3 cxd4 13.cxd4 Nb6 14.O-O Nd5 15.Ne1
O-O 16.Qh5 Bd7 17.Nf3 Nb4 18.Be4 Bc6 19.Ng5 h6 20.Rxf7 Bxe4 21.Rxg7+ Kxg7 
22.Nxe6+ Kg8 23.Nxd8 Raxd8 24.Bxh6 Rf7 25.Nd2 Bd3 26.Nf3 Nd5 27.Bg5 Ndf4 
28.Bxf4 Rxf4 29.g3 Rfxd4 30.Nxd4 Bc5 31.Rd1 Bxd4+ 32.Kg2 Be4+ 33.Kh3 Kg7 
34.e6 Rd5 35.Qxd5 Bxd5 36.Rxd4 Bxe6+ 37.g4 Bxa2 38.Rd7+ Kh6 39.Rxb7 a6 40.
Kg3 Bc4 41.h4 Ne5 42.Rb6+ Kg7 43.Kf4 Nf7 44.g5 Be2 45.Ke3 Bc4 46.h5 Bb5 
47.h6+ Kg8 48.Kf4 Bd3 49.Rb8+ Kh7 50.Rb7 Kg8 51.Rb8+ Kh7 52.Rf8 Bg6 53.Ra8
Bd3 54.Ra7 Kg6 55.Ra8 Kh7 56.b4 Kg6 57.Rg8+ Kh5 58.Rg7 Nh8 59.h7 Bg6 60.
Rg8 1-0

[Event "15th EUR-ch (w)"]
[Site "Plovdiv BUL"]
[Date "2014.07.09"]
[Round "4.23"]
[White "Belenkaya, Dina"]
[Black "Guseva, Marina"]
[Result "1-0"]
[WhiteElo "2223"]
[BlackElo "2362"]
[EventDate "2014.07.06"]
[PlyCount "83"]

1.e4 c6 2.d4 d5 3.Nc3 dxe4 4.Nxe4 Bf5 5.Ng3 Bg6 6.h4 h6 7.Nf3 Nd7 8.h5 Bh7
9.Bd3 Bxd3 10.Qxd3 e6 11.Bd2 Ngf6 12.O-O-O Be7 13.Kb1 Qb6 14.Rhe1 O-O 15.
Nf5 exf5 16.Rxe7 Qd8 17.Re2 Ne4 18.Bf4 Ndf6 19.Ne5 Nd5 20.Bc1 f6 21.Ng6 
Re8 22.Rde1 Qd7 23.c4 Nb4 24.Qb3 c5 25.d5 b5 26.f3 Ng5 27.Re7 Rxe7 28.
Nxe7+ Kh7 29.a3 Na6 30.Qxb5 Qxb5 31.cxb5 Nc7 32.a4 Rd8 33.Rd1 Nge6 34.d6 
Na8 35.d7 Nb6 36.Nc6 Rxd7 37.Rxd7 Nxd7 38.Nxa7 g6 39.a5 gxh5 40.Nc6 Nc7 
41.b6 Na6 42.Bf4 1-0

[Event "15th EUR-ch (w)"]
[Site "Plovdiv BUL"]
[Date "2014.07.09"]
[Round "4.24"]
[White "Mamedyarova, Turkan"]
[Black "Bulmaga, Irina"]
[Result "1-0"]
[WhiteElo "2205"]
[BlackElo "2357"]
[EventDate "2014.07.06"]
[PlyCount "77"]

1.e4 c5 2.Nc3 d6 3.g3 Nc6 4.Bg2 g6 5.d3 Bg7 6.Be3 e6 7.Qd2 Rb8 8.Nge2 Nd4 
9.O-O b5 10.Nd1 Nxe2+ 11.Qxe2 Ne7 12.Qd2 O-O 13.Bh6 Bxh6 14.Qxh6 b4 15.Ne3
f5 16.Rfe1 Kh8 17.exf5 Nxf5 18.Nxf5 gxf5 19.Rad1 Rf6 20.Qh4 f4 21.d4 c4 
22.d5 e5 23.gxf4 Qf8 24.fxe5 Rf4 25.Qg5 Rb7 26.Kh1 Rg7 27.Qh6 dxe5 28.Rxe5
Rxf2 29.Rg5 Rxg2 30.Rxg2 Bg4 31.Re1 Qf7 32.Kg1 Rg8 33.Qe3 Qxd5 34.Qe5+ 
Qxe5 35.Rxe5 Rg6 36.Re8+ Kg7 37.Re4 h5 38.Rxc4 Kh6 39.h3 1-0

[Event "15th EUR-ch (w)"]
[Site "Plovdiv BUL"]
[Date "2014.07.09"]
[Round "4.25"]
[White "Mammadzada, Gunay"]
[Black "Ohme, Melanie"]
[Result "1/2-1/2"]
[WhiteElo "2182"]
[BlackElo "2352"]
[EventDate "2014.07.06"]
[PlyCount "144"]

1.e4 c5 2.Nf3 d6 3.d4 cxd4 4.Nxd4 Nf6 5.Nc3 Nc6 6.f3 e5 7.Nb3 Be7 8.Be3 
Be6 9.Nd5 Bxd5 10.exd5 Nb4 11.c4 a5 12.Qd2 b6 13.Be2 O-O 14.O-O Nd7 15.Nc1
Na6 16.Bd1 h6 17.Ne2 Bg5 18.Nc3 f5 19.a3 Nac5 20.b3 Qf6 21.Rb1 Nb7 22.b4 
Bxe3+ 23.Qxe3 axb4 24.axb4 Qh4 25.Ba4 Nf6 26.Bb3 Nd7 27.Ra1 Rfc8 28.Ba4 
Nf8 29.Bb5 Nd8 30.Qxb6 Nf7 31.Qf2 Qf6 32.Na4 Rd8 33.Bc6 Rab8 34.b5 Ng6 35.
Nc3 e4 36.Ne2 exf3 37.Qxf3 Nh4 38.Qf2 Ne5 39.g3 Nhf3+ 40.Kh1 Nd2 41.Rfd1 
Ndxc4 42.Qd4 Qg5 43.Nf4 Qg4 44.Rf1 Rdc8 45.Ra4 g5 46.Rxc4 Nxc4 47.h3 Qxg3 
48.Qxc4 Kh7 49.Ng2 Qxh3+ 50.Kg1 Rc7 51.Qb4 Qg3 52.Qb1 Rf8 53.Re1 Ra7 54.
Re3 Qg4 55.b6 Rb8 56.Rb3 Re7 57.Rb2 Kg7 58.b7 f4 59.Qa1 Kf7 60.Qf1 Kg7 61.
Rf2 h5 62.Kh1 Qh3+ 63.Kg1 Qg4 64.Kh1 Qh3+ 65.Kg1 h4 66.Nxf4 Qxf1+ 67.Rxf1 
gxf4 68.Rxf4 Rbxb7 69.Bxb7 Rxb7 70.Rxh4 Kf6 71.Re4 Kf5 72.Re6 Rb6 1/2-1/2

[Event "15th EUR-ch (w)"]
[Site "Plovdiv BUL"]
[Date "2014.07.09"]
[Round "4.27"]
[White "Cosma, Elena-Luminita"]
[Black "Agrest, Inna"]
[Result "1/2-1/2"]
[WhiteElo "2344"]
[BlackElo "2223"]
[EventDate "2014.07.06"]
[PlyCount "125"]

1.Nf3 Nf6 2.g3 d5 3.d4 e6 4.Bg2 c5 5.O-O Nc6 6.c4 Be7 7.cxd5 exd5 8.Nc3 
O-O 9.dxc5 Bxc5 10.Bg5 Be7 11.Bxf6 Bxf6 12.Qxd5 Qxd5 13.Nxd5 Bxb2 14.Rab1 
Ba3 15.Nd2 Nd4 16.e3 Ne6 17.Rb3 Bc5 18.Ne4 Rd8 19.Nc7 Nxc7 20.Nxc5 Ne6 21.
Nxb7 Bxb7 22.Rxb7 Rd2 23.Re7 Rb8 24.Rxa7 g6 25.Ra5 Rbb2 26.Bd5 Ng5 27.Kg2 
h5 28.h4 Nh7 29.Bb3 Nf6 30.Ra8+ Kg7 31.Ra7 Nd7 32.g4 hxg4 33.Kg3 Ne5 34.
Kf4 Nd3+ 35.Kxg4 Nxf2+ 36.Kf3 Nd3 37.Rxf7+ Kh6 38.Rc7 Rh2 39.Rc8 Kh7 40.
Ke4 Nf2+ 41.Kd5 Rd2+ 42.Kc6 Rxh4 43.Rf8 Rh2 44.a4 Rb2 45.Bd5 Rc2+ 46.Kd6 
Rd2 47.R1xf2 Rhxf2 48.Rxf2 Rxf2 49.a5 Rf6+ 50.Kc5 g5 51.Bb7 Re6 52.Kd4 
Rd6+ 53.Kc3 Re6 54.Kd3 Re5 55.a6 Ra5 56.Kc4 g4 57.Kb4 Ra1 58.Kb5 Ra3 59.
Kb6 Rxe3 60.a7 Re8 61.Kc7 g3 62.Be4+ Kg7 63.a8=Q 1/2-1/2

[Event "15th EUR-ch (w)"]
[Site "Plovdiv BUL"]
[Date "2014.07.09"]
[Round "4.28"]
[White "Kocetkova, Julia"]
[Black "Petrenko, Svetlana"]
[Result "1-0"]
[WhiteElo "2333"]
[BlackElo "2183"]
[EventDate "2014.07.06"]
[PlyCount "79"]

1.e4 c5 2.Nf3 d6 3.d4 Nf6 4.Nc3 cxd4 5.Nxd4 a6 6.Be2 e5 7.Nb3 Be7 8.O-O 
O-O 9.Re1 Be6 10.Bf3 b5 11.Bd2 Qc7 12.a4 Bxb3 13.cxb3 b4 14.Ne2 a5 15.Rc1 
Qd7 16.Ng3 g6 17.Be2 Na6 18.Bb5 Qg4 19.Be2 Qd7 20.Bh6 Rfc8 21.Bb5 Rxc1 22.
Qxc1 Qd8 23.Nf5 Nc5 24.Bc4 Ra7 25.f3 Rc7 26.Qd2 Nxa4 27.Nxe7+ Qxe7 28.Ra1 
Nb6 29.Rxa5 Nxc4 30.bxc4 Rxc4 31.Ra8+ Ne8 32.b3 Rc3 33.h3 Rc6 34.Qxb4 f6 
35.Qb5 Qd7 36.Qd5+ Kh8 37.Rd8 Qe7 38.Qa5 Kg8 39.Rxe8+ Qxe8 40.Qa7 1-0

[Event "15th EUR-ch (w)"]
[Site "Plovdiv BUL"]
[Date "2014.07.09"]
[Round "4.29"]
[White "Galunova, Tsveta"]
[Black "Kursova, Maria"]
[Result "1/2-1/2"]
[WhiteElo "2125"]
[BlackElo "2331"]
[EventDate "2014.07.06"]
[PlyCount "80"]

1.e4 c5 2.c3 Nf6 3.e5 Nd5 4.Nf3 Nc6 5.d4 cxd4 6.cxd4 d6 7.Bc4 Nb6 8.Bb5 
dxe5 9.Nxe5 Bd7 10.Bxc6 Bxc6 11.Nxc6 bxc6 12.Nc3 e6 13.O-O Qd7 14.Bf4 Be7 
15.Qf3 O-O 16.Rfd1 Rac8 17.Rac1 Rfd8 18.h3 Nd5 19.Be5 f6 20.Nxd5 Qxd5 21.
Qxd5 Rxd5 22.Bf4 Kf7 23.Be3 Ke8 24.Rc4 Kd7 25.Rdc1 Bd8 26.Kf1 Bb6 27.Ke2 
g5 28.g4 h5 29.Kf3 h4 30.Ke2 Ra5 31.a4 Rd5 32.b4 a6 33.Kf3 Bd8 34.Rc5 Be7 
35.R5c4 Bd8 36.Ke2 Bb6 37.Kf3 Rc7 38.Ke2 Rc8 39.Kf3 Rc7 40.Ke2 Rc8 1/2-1/2

[Event "15th EUR-ch (w)"]
[Site "Plovdiv BUL"]
[Date "2014.07.09"]
[Round "4.30"]
[White "Mammadova, Gulnar"]
[Black "Kazimova, Narmin"]
[Result "1/2-1/2"]
[WhiteElo "2331"]
[BlackElo "2180"]
[EventDate "2014.07.06"]
[PlyCount "95"]

1.e4 c5 2.b3 d6 3.Bb2 Nf6 4.Bd3 Nc6 5.f4 e6 6.Ne2 Be7 7.O-O c4 8.Bxc4 Nxe4
9.d4 d5 10.Bd3 Nb4 11.Bb5+ Bd7 12.Bxd7+ Qxd7 13.c3 Nc6 14.Nd2 f5 15.Nf3 
O-O 16.a4 a5 17.Nc1 Bd6 18.Nd3 Qc7 19.g3 Rab8 20.c4 Rfd8 21.cxd5 exd5 22.
Rc1 Qe7 23.Nde5 Rdc8 24.Qd3 Na7 25.Bc3 Ba3 26.Rc2 Qc7 27.Nd2 b5 28.Nb1 b4 
29.Nxa3 bxc3 30.Nb5 Nxb5 31.axb5 Qb6 32.Nc6 Rxc6 33.bxc6 Qxc6 34.Ra1 Rb5 
35.Kg2 h6 36.Ra3 Kh7 37.Kg1 Kg8 38.Kg2 Kh8 39.Kg1 Kg8 40.Kg2 Kh7 41.Kg1 
Qb6 42.Rxc3 Nxc3 43.Qxc3 Rb4 44.Qd3 Kg6 45.Kg2 Rxd4 46.Qe3 Rb4 47.Qxb6+ 
Rxb6 48.Rxa5 1/2-1/2

[Event "15th EUR-ch (w)"]
[Site "Plovdiv BUL"]
[Date "2014.07.09"]
[Round "4.31"]
[White "Videnova, Iva"]
[Black "Topel, Zehra"]
[Result "1-0"]
[WhiteElo "2315"]
[BlackElo "2170"]
[EventDate "2014.07.06"]
[PlyCount "79"]

1.e4 c5 2.Nf3 d6 3.d4 cxd4 4.Nxd4 Nf6 5.Nc3 Nc6 6.Bg5 e6 7.Qd2 a6 8.O-O-O 
Bd7 9.f4 h6 10.Bh4 g5 11.fxg5 Ng4 12.Nxc6 bxc6 13.e5 d5 14.Ne4 dxe4 15.g6 
Be7 16.Qf4 Bg5 17.gxf7+ Kf8 18.Bxg5 Qxg5 19.Qxg5 hxg5 20.Rxd7 Rh7 21.Be2 
Nf2 22.Rf1 e3 23.h3 Rxf7 24.Rxf7+ Kxf7 25.Bf3 Kg6 26.Re1 g4 27.hxg4 Kg5 
28.Rxe3 Nxg4 29.Bxg4 Kxg4 30.Rf3 c5 31.Rf6 Re8 32.Kd2 Kg3 33.Kc3 Kxg2 34.
Kc4 Kg3 35.c3 Rb8 36.b3 Rc8 37.Rxe6 Kf4 38.Rxa6 Kxe5 39.a4 Rc7 40.Rh6 1-0

[Event "15th EUR-ch (w)"]
[Site "Plovdiv BUL"]
[Date "2014.07.09"]
[Round "4.32"]
[White "Tsolakidou, Stavroula"]
[Black "Yildiz, Betul Cemre"]
[Result "0-1"]
[WhiteElo "2157"]
[BlackElo "2312"]
[EventDate "2014.07.06"]
[PlyCount "98"]

1.e4 e5 2.Nf3 Nc6 3.Bb5 a6 4.Ba4 Nf6 5.d4 Nxd4 6.Nxd4 exd4 7.e5 Ne4 8.Qxd4
Nc5 9.Nc3 Be7 10.Qg4 Kf8 11.Qg3 d5 12.Bb3 c6 13.Ne2 Qa5+ 14.Bd2 Qxd2+ 15.
Kxd2 Ne4+ 16.Ke1 Nxg3 17.hxg3 g6 18.c4 dxc4 19.Bxc4 Kg7 20.Rd1 Re8 21.Kf1 
Bf8 22.f4 Bg4 23.Rh4 h5 24.Rxg4 hxg4 25.Rd7 Re7 26.Rd1 b5 27.Bb3 c5 28.Nc3
c4 29.Bc2 Ree8 30.Ke2 Rad8 31.Nd5 Be7 32.Be4 Rc8 33.Nb6 Rc7 34.Nd5 Ra7 35.
Kd2 Rd8 36.Kc2 Rad7 37.b3 f5 38.exf6+ Bxf6 39.a4 Rd6 40.axb5 Re6 41.Nxf6 
cxb3+ 42.Kxb3 Rxd1 43.Bc2 Rd2 44.Nxg4 Rxg2 45.Ne5 Rxg3+ 46.Kc4 axb5+ 47.
Kxb5 g5 48.Kc4 gxf4 49.Kd5 Rxe5+ 0-1

[Event "15th EUR-ch (w)"]
[Site "Plovdiv BUL"]
[Date "2014.07.09"]
[Round "4.33"]
[White "Ozturk, Kubra"]
[Black "Kouvatsou, Maria"]
[Result "1/2-1/2"]
[WhiteElo "2311"]
[BlackElo "2152"]
[EventDate "2014.07.06"]
[PlyCount "54"]

1.Nf3 Nf6 2.c4 g6 3.d4 Bg7 4.g3 O-O 5.Bg2 d6 6.O-O Nc6 7.Nc3 a6 8.h3 Bd7 
9.Be3 e5 10.Qd2 Re8 11.Rfd1 Qc8 12.Kh2 Bf5 13.dxe5 dxe5 14.Nh4 Be6 15.Nd5 
Nd4 16.Bg5 Bxd5 17.cxd5 e4 18.Be3 Nb5 19.Rac1 Qd7 20.a4 Nd6 21.Bd4 Re7 22.
b3 Rd8 23.Qb2 Nde8 24.Qa3 Nd6 25.Qb2 Nde8 26.Qa3 Nd6 27.Qb2 Nde8 1/2-1/2

[Event "15th EUR-ch (w)"]
[Site "Plovdiv BUL"]
[Date "2014.07.09"]
[Round "4.34"]
[White "Amrayeva, Aytan"]
[Black "Ptacnikova, Lenka"]
[Result "0-1"]
[WhiteElo "2065"]
[BlackElo "2310"]
[EventDate "2014.07.06"]
[PlyCount "136"]

1.c4 e5 2.Nc3 Nc6 3.a3 g6 4.g3 Bg7 5.Bg2 d6 6.d3 a6 7.Rb1 Rb8 8.b4 Be6 9.
b5 axb5 10.cxb5 Nce7 11.Nf3 Nf6 12.d4 Nfd5 13.Nxd5 Bxd5 14.dxe5 dxe5 15.
Bb2 Be4 16.Rc1 Qxd1+ 17.Rxd1 c6 18.O-O f6 19.Nd2 Bxg2 20.Kxg2 Kf7 21.Nc4 
Rhd8 22.e4 cxb5 23.Nd6+ Ke6 24.Nxb5 Rbc8 25.a4 Nc6 26.Bc3 Bf8 27.f4 exf4 
28.gxf4 Rxd1 29.Rxd1 Bc5 30.f5+ gxf5 31.exf5+ Kxf5 32.Rf1+ Ke4 33.Bxf6 Ra8
34.h4 Bb4 35.Bg5 Rf8 36.Rd1 Rg8 37.Kh3 Rg7 38.Rf1 Rd7 39.Rf4+ Kd3 40.Kg4 
Kc2 41.h5 Kb3 42.h6 Kxa4 43.Nc3+ Kb3 44.Ne4 b5 45.Nf6 Rf7 46.Re4 Bc3 47.
Re6 Ne5+ 48.Kg3 b4 49.Ne4 Nf3 50.Bf6 Nd4 51.Rb6 Nf5+ 52.Kg4 Ne3+ 53.Kg5 
Nd5 54.Rd6 Nxf6 55.Nxf6 Bxf6+ 56.Rxf6 Rc7 57.Rf8 Kc2 58.Kf6 b3 59.Rf7 
Rxf7+ 60.Kxf7 b2 61.Kg7 b1=Q 62.Kxh7 Qb7+ 63.Kg8 Qg2+ 64.Kh8 Qf3 65.Kg7 
Qg4+ 66.Kh8 Qf5 67.Kg7 Qg5+ 68.Kh7 Kd3 0-1

[Event "15th EUR-ch (w)"]
[Site "Plovdiv BUL"]
[Date "2014.07.09"]
[Round "4.35"]
[White "Sandu, Mihaela"]
[Black "Nevioselaya, Maria"]
[Result "1/2-1/2"]
[WhiteElo "2308"]
[BlackElo "2039"]
[EventDate "2014.07.06"]
[PlyCount "227"]

1.e4 e5 2.Nf3 Nc6 3.Bc4 Bc5 4.d3 Nf6 5.O-O d6 6.c3 a6 7.Bb3 Ba7 8.Nbd2 O-O
9.h3 h6 10.Re1 Nh5 11.Nf1 Qf6 12.Be3 Nf4 13.d4 Ne7 14.Ng3 Neg6 15.Bc2 Nh4 
16.Nxh4 Qxh4 17.Qf3 Ng6 18.Nf5 Qd8 19.Qg3 Kh7 20.h4 Qf6 21.h5 Ne7 22.Nh4 
Kh8 23.Nf3 Nc6 24.Rad1 Re8 25.Bb3 Na5 26.dxe5 dxe5 27.Bxa7 Rxa7 28.Rd5 Nc6
29.Ba4 b5 30.Bb3 Be6 31.Rc5 Bxb3 32.axb3 Raa8 33.b4 Re7 34.Rd1 Rae8 35.Nh4
Rc8 36.Nf5 Re6 37.Rd7 Kh7 38.Ne3 Qf4 39.Nf5 Qxg3 40.fxg3 Nd8 41.Rcxc7 Rxc7
42.Rxc7 Rf6 43.Ra7 g6 44.hxg6+ Kxg6 45.Kf2 Rb6 46.Ra8 Ne6 47.Rh8 h5 48.
Rg8+ Kh7 49.Re8 Rc6 50.Ke3 Rc7 51.Ne7 Kg7 52.Nd5 Rc6 53.Re7 Kf8 54.Rd7 Kg7
55.Ra7 Rd6 56.b3 Rc6 57.Kd3 Nf8 58.Ne7 Rd6+ 59.Ke2 Rb6 60.Nf5+ Kg6 61.Ra8 
Ne6 62.Kd3 Kh7 63.Ra7 Kg6 64.Ne7+ Kg7 65.Nd5 Rd6 66.Re7 Kf8 67.Rb7 Nd8 68.
Rb8 Ke8 69.Ke3 Rg6 70.Kf3 Rc6 71.Ra8 Kd7 72.c4 Ne6 73.c5 Nd4+ 74.Kf2 Nxb3 
75.Ra7+ Kd8 76.Rxf7 a5 77.Rf8+ Kd7 78.Rf7+ Kd8 79.bxa5 Nxc5 80.Rf8+ Kd7 
81.Ke3 Rg6 82.Kf3 Ra6 83.Rf7+ Kd8 84.Rf5 Rxa5 85.Rxe5 Ra3+ 86.Ne3 Rc3 87.
Ke2 b4 88.Nd1 Rc2+ 89.Ke3 b3 90.Rxh5 Ne6 91.Rd5+ Ke7 92.Rd2 Rc4 93.Nb2 Rb4
94.Nd3 Rb8 95.Rb2 Kd6 96.Nc1 Nc5 97.Kd4 Rb4+ 98.Kc3 Rxe4 99.Nxb3 Na4+ 100.
Kd3 Rg4 101.Rd2 Rxg3+ 102.Ke4+ Ke7 103.Nd4 Nc5+ 104.Kf4 Rd3 105.Re2+ Kf6 
106.Nf3 Ne6+ 107.Ke4 Nc5+ 108.Kf4 Ne6+ 109.Kg4 Rd8 110.Ra2 Rg8+ 111.Kh4 
Kf5 112.Ra5+ Kf4 113.Ra4+ Ke3 114.Rg4 1/2-1/2

[Event "15th EUR-ch (w)"]
[Site "Plovdiv BUL"]
[Date "2014.07.09"]
[Round "4.36"]
[White "Azimova, Karina"]
[Black "Golubenko, Valentina"]
[Result "0-1"]
[WhiteElo "2033"]
[BlackElo "2292"]
[EventDate "2014.07.06"]
[PlyCount "96"]

1.e4 e6 2.Nf3 d5 3.Nc3 Nf6 4.exd5 exd5 5.d4 Bd6 6.Bd3 O-O 7.O-O Bg4 8.h3 
Bh5 9.g4 Bg6 10.Ne5 Bxd3 11.Qxd3 c5 12.Bf4 Nc6 13.Nxc6 bxc6 14.Bg5 Rb8 15.
b3 h6 16.Bh4 Re8 17.Rae1 Rxe1 18.Rxe1 cxd4 19.Qxd4 Bb4 20.Re2 g5 21.Bg3 c5
22.Qd3 Rb7 23.Na4 Re7 24.Be5 Qe8 25.c3 Ba3 26.Bxf6 Rxe2 27.Qxd5 Re1+ 28.
Kh2 c4 29.Bd4 Rd1 30.b4 Bc1 31.Nc5 Bf4+ 32.Kg2 Re1 33.Nd7 Qc8 34.Nf6+ Kf8 
35.Nd7+ Kg8 36.Nf6+ Kf8 37.Bc5+ Kg7 38.Nh5+ Kg8 39.Nf6+ Kg7 40.Nh5+ Kg8 
41.Nxf4 gxf4 42.g5 Re6 43.h4 hxg5 44.hxg5 Re1 45.Qf3 Qf5 46.Qh5 Qe4+ 47.f3
Qe2+ 48.Bf2 Qf1+ 0-1

[Event "15th EUR-ch (w)"]
[Site "Plovdiv BUL"]
[Date "2014.07.09"]
[Round "4.38"]
[White "Avramidou, Anastasia"]
[Black "Savina, Anastasia"]
[Result "0-1"]
[WhiteElo "2007"]
[BlackElo "2383"]
[EventDate "2014.07.06"]
[PlyCount "114"]

1.e4 c5 2.Nf3 Nc6 3.d4 cxd4 4.Nxd4 e5 5.Nb5 d6 6.N1c3 a6 7.Na3 b5 8.Nd5 
Nge7 9.c4 Nd4 10.cxb5 Nxd5 11.exd5 Bd7 12.Be3 Be7 13.Bxd4 exd4 14.Bd3 Qa5+
15.Qd2 axb5 16.Qxa5 Rxa5 17.O-O O-O 18.Nc2 Rc8 19.Rfc1 Bg5 20.Rd1 Bf6 21.
Rdc1 Ra4 22.Na3 Rxc1+ 23.Rxc1 b4 24.Bb5 bxa3 25.Bxd7 Ra8 26.b4 d3 27.Rd1 
Bc3 28.Rxd3 Bxb4 29.Rb3 Bc5 30.Bc6 Rc8 31.Kf1 h5 32.Ke2 Rc7 33.Rb7 Rxb7 
34.Bxb7 g5 35.f3 Kg7 36.Kd3 f5 37.Bc8 Kf6 38.g4 h4 39.Bxf5 Ke5 40.h3 Kf4 
41.Ke2 Kg3 42.Bd3 Bd4 43.Ba6 Kg2 44.Bd3 Be5 45.f4 Bxf4 46.Bf5 Kxh3 47.Kf2 
Kh2 48.Be4 Be5 49.Kf1 Bd4 50.Bf3 Kg3 51.Ke2 Bc5 52.Bh1 Kh2 53.Bf3 Kg1 54.
Kd3 h3 55.Ke4 h2 56.Kf5 Be3 57.Ke6 Bf4 0-1

[Event "15th EUR-ch (w)"]
[Site "Plovdiv BUL"]
[Date "2014.07.09"]
[Round "4.39"]
[White "Petrukhina, Irina"]
[Black "Shadrina, Tatiana"]
[Result "1-0"]
[WhiteElo "2156"]
[BlackElo "2348"]
[EventDate "2014.07.06"]
[PlyCount "108"]

1.d4 d5 2.c4 e5 3.dxe5 d4 4.Nf3 Nc6 5.Nbd2 Nge7 6.Nb3 Nf5 7.e4 dxe3 8.
Qxd8+ Nxd8 9.fxe3 Be7 10.Bd3 Nc6 11.Nbd4 Nfxd4 12.exd4 Bg4 13.Be3 Bxf3 14.
gxf3 Rd8 15.O-O-O Nxd4 16.Be4 Bc5 17.Rhe1 c6 18.a3 a5 19.Rd3 Ne6 20.Rxd8+ 
Kxd8 21.Bd2 a4 22.Bc3 Ke7 23.Bc2 Ra8 24.Re4 g6 25.Kd1 Ng5 26.Rf4 Ne6 27.
Rh4 h5 28.Ke2 Ng7 29.f4 Ke6 30.Rh3 Nf5 31.Rd3 Bg1 32.Kf3 Bxh2 33.Rd1 h4 
34.Bxf5+ gxf5 35.Bb4 c5 36.Bxc5 Ra6 37.Bf2 Bg3 38.Bxg3 hxg3 39.Kxg3 Rb6 
40.Rd2 f6 41.exf6 Kxf6 42.Kf2 Rb3 43.c5 Kg6 44.Ke1 Rb5 45.Rc2 Kh5 46.Kd1 
Kg4 47.Rc4 Rxb2 48.Rxa4 Ra2 49.Kc1 Rf2 50.Rb4 Rxf4 51.Kd2 Kf3 52.Rxb7 Rc4 
53.Rb3+ Ke4 54.Rb4 Kd5 1-0

[Event "15th EUR-ch (w)"]
[Site "Plovdiv BUL"]
[Date "2014.07.09"]
[Round "4.40"]
[White "Blagojevic, Tijana"]
[Black "Kulon, Klaudia"]
[Result "0-1"]
[WhiteElo "2154"]
[BlackElo "2341"]
[EventDate "2014.07.06"]
[PlyCount "78"]

1.e4 c5 2.Nf3 d6 3.Bb5+ Bd7 4.Bxd7+ Qxd7 5.O-O Nf6 6.Re1 Nc6 7.b3 g6 8.c3 
Bg7 9.d4 O-O 10.Bb2 Rac8 11.d5 Nd8 12.c4 e5 13.dxe6 fxe6 14.Nc3 Nh5 15.e5 
Nf7 16.Na4 b5 17.cxb5 d5 18.b6 Rc6 19.bxa7 Qxa7 20.Rc1 Rfc8 21.a3 Qb8 22.
b4 cxb4 23.Rxc6 Rxc6 24.Nd4 Rc4 25.Nxe6 bxa3 26.Ba1 Bxe5 27.Bxe5 Nxe5 28.
Qxd5 Nf6 29.Qa5 Nfg4 30.Qd5 Nf6 31.Qa5 Nc6 32.Qg5 Re4 33.Qd2 Rxa4 34.Nc5 
Qb4 35.Qe3 Ra7 36.Nd3 Qd6 37.Nc5 a2 38.Qb3+ Qd5 39.Re8+ Kf7 0-1

[Event "15th EUR-ch (w)"]
[Site "Plovdiv BUL"]
[Date "2014.07.09"]
[Round "4.41"]
[White "Vasilevich, Irina"]
[Black "Sargsian, Shushanna"]
[Result "1/2-1/2"]
[WhiteElo "2328"]
[BlackElo "2107"]
[EventDate "2014.07.06"]
[PlyCount "84"]

1.e4 c6 2.d4 d5 3.Nd2 dxe4 4.Nxe4 Bf5 5.Ng3 Bg6 6.Nh3 Nf6 7.Bc4 e6 8.Nf4 
Bd6 9.c3 Qc7 10.Qf3 Nd5 11.Nxg6 hxg6 12.h4 Nd7 13.Bg5 N7b6 14.Bb3 c5 15.c4
Nb4 16.dxc5 Bxc5 17.Ne4 Na6 18.O-O Be7 19.c5 Nxc5 20.Rac1 Rc8 21.Rxc5 Bxc5
22.Rc1 Qe5 23.Bf4 Bxf2+ 24.Kxf2 Qxb2+ 25.Qe2 Qxe2+ 26.Kxe2 Rxc1 27.Bxc1 
Rxh4 28.Nd6+ Kf8 29.Nxb7 Nd5 30.Ba3+ Kg8 31.Bc5 a6 32.Nd8 g5 33.g3 Rh2+ 
34.Kf3 Nf6 35.Nc6 g4+ 36.Kf4 Re2 37.Bd6 Re4+ 38.Kg5 Nd7 39.Ne7+ Kh8 40.Nc6
Kg8 41.Ne7+ Kh8 42.Nc6 Kg8 1/2-1/2

[Event "15th EUR-ch (w)"]
[Site "Plovdiv BUL"]
[Date "2014.07.09"]
[Round "4.42"]
[White "Mareckova, Martina"]
[Black "Fuchs, Judith"]
[Result "1/2-1/2"]
[WhiteElo "2094"]
[BlackElo "2280"]
[EventDate "2014.07.06"]
[PlyCount "134"]

1.e4 c5 2.c3 Nf6 3.e5 Nd5 4.d4 cxd4 5.Nf3 Nc6 6.Bc4 Nb6 7.Bb3 d5 8.exd6 
Qxd6 9.O-O Be6 10.Bxe6 Qxe6 11.Nxd4 Qd7 12.Nxc6 Qxd1 13.Rxd1 bxc6 14.b3 g6
15.Na3 Bg7 16.Rd3 Nd5 17.Bb2 O-O-O 18.Kf1 Nb4 19.Re3 e6 20.Rf3 f5 21.Nc4 
Nd3 22.Rd1 Nxb2 23.Nxb2 Rd5 24.Rfd3 Rhd8 25.c4 Rxd3 26.Nxd3 Bd4 27.Nf4 e5 
28.Ne6 Rd6 29.Nxd4 exd4 30.c5 Rd5 31.f4 Kb7 32.a4 Ka6 33.b4 d3 34.Rb1 Rd4 
35.g3 Re4 36.b5+ Kb7 37.b6 Rxa4 38.bxa7+ Kxa7 39.Ke1 Ra2 40.Rb6 Rxh2 41.
Rxc6 Kb7 42.Rd6 d2+ 43.Kd1 Kc7 44.Re6 Rg2 45.Re7+ Kc6 46.Rxh7 Kxc5 47.Rd7 
Rxg3 48.Kxd2 Rf3 49.Rg7 Kd4 50.Rxg6 Ke4 51.Ke2 Kxf4 52.Rg8 Ra3 53.Rb8 Ra2+
54.Kf1 Kg4 55.Rb4+ Kg3 56.Rb3+ Kg4 57.Rb4+ f4 58.Rb3 Ra1+ 59.Kf2 Rc1 60.
Ra3 Rc2+ 61.Kf1 Rc8 62.Kf2 Re8 63.Rb3 Ra8 64.Rc3 Ra4 65.Rb3 f3 66.Rb8 Ra2+
67.Kf1 Ra1+ 1/2-1/2

[Event "15th EUR-ch (w)"]
[Site "Plovdiv BUL"]
[Date "2014.07.09"]
[Round "4.43"]
[White "Olsarova, Karolina"]
[Black "Ivanova, Simoneta"]
[Result "1-0"]
[WhiteElo "2274"]
[BlackElo "2038"]
[EventDate "2014.07.06"]
[PlyCount "63"]

1.e4 c5 2.Nf3 e6 3.b3 a6 4.Bb2 Nc6 5.c4 Qc7 6.g3 Nf6 7.e5 Ng4 8.Qe2 Nh6 9.
Na3 Be7 10.Nc2 O-O 11.Bg2 b5 12.O-O bxc4 13.Qxc4 a5 14.Rfc1 Ba6 15.Qe4 Qa7
16.d4 Nb4 17.Nxb4 cxb4 18.Qf4 Rac8 19.d5 Bc5 20.Rc2 Bb6 21.Rd2 Nf5 22.Rad1
Ne3 23.Nd4 Nxd1 24.Rxd1 a4 25.Be4 a3 26.Ba1 exd5 27.Bb1 Bxd4 28.Bxd4 Qb8 
29.Qf5 g6 30.Qf6 Rc6 31.e6 fxe6 32.Qg7# 1-0

[Event "15th EUR-ch (w)"]
[Site "Plovdiv BUL"]
[Date "2014.07.09"]
[Round "4.44"]
[White "Shabanaj, Eglantina"]
[Black "Manakova, Maria"]
[Result "0-1"]
[WhiteElo "2046"]
[BlackElo "2273"]
[EventDate "2014.07.06"]
[PlyCount "62"]

1.e4 e6 2.d4 d5 3.Nc3 Nf6 4.Bg5 dxe4 5.Nxe4 Be7 6.Nxf6+ Bxf6 7.Bxf6 Qxf6 
8.Bd3 b6 9.Be4 c6 10.Qd3 Bb7 11.Nf3 Nd7 12.O-O h6 13.Rfe1 O-O 14.Ne5 Nxe5 
15.dxe5 Qe7 16.Qf3 Qc7 17.Rad1 Rfd8 18.Bd3 c5 19.Be4 Bxe4 20.Rxd8+ Rxd8 
21.Qxe4 Rd4 22.Qe3 Qd7 23.h3 Qa4 24.c3 Rd5 25.a3 Qc2 26.Re2 Qf5 27.b4 Rd3 
28.Qc1 c4 29.a4 a6 30.Qe1 Qg5 31.Kf1 Qd8 0-1

[Event "15th EUR-ch (w)"]
[Site "Plovdiv BUL"]
[Date "2014.07.09"]
[Round "4.45"]
[White "Foisor, Mihaela-Veronica"]
[Black "Kaya, Emel"]
[Result "1/2-1/2"]
[WhiteElo "2257"]
[BlackElo "1987"]
[EventDate "2014.07.06"]
[PlyCount "93"]

1.d4 d5 2.c4 dxc4 3.Nf3 a6 4.e3 b5 5.a4 Bb7 6.b3 Nf6 7.bxc4 bxc4 8.Bxc4 e6
9.O-O Nbd7 10.Nbd2 Be7 11.Qe2 c5 12.Rb1 Qc7 13.Ba3 O-O 14.Rfc1 Rfb8 15.Nb3
Ne4 16.Bd3 Bd5 17.Nxc5 Rxb1 18.Bxb1 Nexc5 19.dxc5 g6 20.Nd4 Qa5 21.e4 Qxa4
22.Bb2 Ba2 23.Bxa2 Bxc5 24.Nxe6 Qxa2 25.Nxc5 Nxc5 26.Rxc5 Rb8 27.h4 Qxb2 
28.Qf3 Qd4 29.Rd5 Qa1+ 30.Kh2 Re8 31.Qf4 Qa4 32.f3 Qc4 33.h5 f5 34.h6 Qc6 
35.Rd6 Qc5 36.Rd7 Qe5 37.Qxe5 Rxe5 38.Rg7+ Kh8 39.Ra7 Kg8 40.Rg7+ Kh8 41.
Ra7 Kg8 42.Kg3 fxe4 43.Kf4 exf3 44.Kxe5 f2 45.Ra8+ Kf7 46.Ra7+ Kg8 47.Ke4 
1/2-1/2

[Event "15th EUR-ch (w)"]
[Site "Plovdiv BUL"]
[Date "2014.07.09"]
[Round "4.46"]
[White "Stetsko, Lanita"]
[Black "Radeva, Viktoria"]
[Result "1-0"]
[WhiteElo "2245"]
[BlackElo "1937"]
[EventDate "2014.07.06"]
[PlyCount "69"]

1.e4 c6 2.d4 d5 3.Nc3 dxe4 4.Nxe4 Bf5 5.Ng3 Bg6 6.h4 h6 7.Nf3 Nd7 8.h5 Bh7
9.Bd3 Bxd3 10.Qxd3 e6 11.Bd2 Ngf6 12.O-O-O Be7 13.Ne4 Nxe4 14.Qxe4 Nf6 15.
Qd3 Qd5 16.c4 Qe4 17.Qb3 Rb8 18.Rhe1 Qf5 19.Ne5 O-O 20.f3 Rfd8 21.Ng6 fxg6
22.Re5 gxh5 23.Rxf5 exf5 24.Bf4 Rbc8 25.Qe3 Rd7 26.Qe6+ Kf8 27.Qxf5 Rcd8 
28.Be5 Kf7 29.g4 hxg4 30.fxg4 b5 31.Rg1 Rb7 32.g5 hxg5 33.Qxg5 Rg8 34.d5 
cxd5 35.Bxf6 1-0